Rắn lục 3

Kaydedildi:
Detaylı Bibliyografya
Yazar: Wager, Walter
Diğer Yazarlar: Ngô Văn Qũy (dịch)
Materyal Türü: Kitap
Baskı/Yayın Bilgisi: Tp.HCM Nxb Tp HCM 1987
Konular:
Etiketler: Etiketle
Etiket eklenmemiş, İlk siz ekleyin!
Thư viện lưu trữ: Trung tâm Học liệu Lê Vũ Hùng, Trường Đại học Đồng Tháp
LEADER 00752pam a22002418a 4500
001 00021878
005 20171026081023.0
008 110526s1987 ||||||Viesd
041 0 # |a Vie 
082 1 4 |a 813  |b R115L 
100 0 # |a Wager, Walter 
245 0 0 |a Rắn lục 3  |c Walter Wager; Ngô Văn Qũy dịch 
260 # # |a Tp.HCM  |b Nxb Tp HCM  |c 1987 
300 # # |a 342 tr.  |c 19 cm. 
500 # # |a Dịch từ nguyên bản tiếng Mỹ 
650 # 4 |a Văn học Mỹ 
650 # 4 |a Văn học hiên đại 
653 # # |a Truyện 
700 0 # |a Ngô Văn Qũy  |e dịch 
852 # # |b Kho đọc  |j KD.0007404 
852 # # |j KD.0007404 
910 |d 26/05/2011 
980 # # |a Trung tâm Học liệu Lê Vũ Hùng, Trường Đại học Đồng Tháp